<?xml version="1.0" encoding="UTF-8"?>
<collection xmlns:xsi="http://www.w3.org/2001/XMLSchema-instance" xsi:schemaLocation="http://www.loc.gov/MARC21/slim http://www.loc.gov/standards/marcxml/schema/MARC21slim.xsd" xmlns="http://www.loc.gov/MARC21/slim">
 <record>
  <leader>00000ntmaa22000002i 4500</leader>
  <controlfield tag="001">UP-8027390931312009252</controlfield>
  <controlfield tag="003">Buklod</controlfield>
  <controlfield tag="005">20260212103935.0</controlfield>
  <controlfield tag="006">m|||||o||d||||||||</controlfield>
  <controlfield tag="007">cr |||||||||||</controlfield>
  <controlfield tag="008">260212s2025    xx    a     b ||| u eng  </controlfield>
  <datafield tag="035" ind1=" " ind2=" ">
   <subfield code="a">UPVT-00020035110</subfield>
  </datafield>
  <datafield tag="040" ind1=" " ind2=" ">
   <subfield code="a">UPTC</subfield>
   <subfield code="e">rda</subfield>
  </datafield>
  <datafield tag="041" ind1=" " ind2=" ">
   <subfield code="a">eng</subfield>
  </datafield>
  <datafield tag="090" ind1=" " ind2=" ">
   <subfield code="a">LG 993.5 2025 M3</subfield>
   <subfield code="b">L33</subfield>
  </datafield>
  <datafield tag="100" ind1="1" ind2=" ">
   <subfield code="a">Lacambra, Lourdes Jaiza M.</subfield>
   <subfield code="e">author.</subfield>
  </datafield>
  <datafield tag="245" ind1="1" ind2="0">
   <subfield code="a">Perceived current status of government programs in enhancing business growth and developments of MSME's</subfield>
   <subfield code="b">the case of Negosyo Center of DTI in Tacloban City</subfield>
   <subfield code="c">Lourdes Jaiza M. Lacambra, Jasmin Lasap, Ma. Gracia P. Mendoza, Allen Mae T. Vicencio ; Flordeliz B. Dacuyan, adviser.</subfield>
  </datafield>
  <datafield tag="264" ind1=" " ind2="0">
   <subfield code="a">Tacloban City</subfield>
   <subfield code="b">Division of Management, University of the Philippines Tacloban College</subfield>
   <subfield code="c">2025.</subfield>
  </datafield>
  <datafield tag="300" ind1=" " ind2=" ">
   <subfield code="a">xiii, 202  leaves</subfield>
   <subfield code="b">illustrations, some color</subfield>
   <subfield code="c">31 cm.</subfield>
  </datafield>
  <datafield tag="336" ind1=" " ind2=" ">
   <subfield code="a">text</subfield>
   <subfield code="2">rdacontent</subfield>
  </datafield>
  <datafield tag="337" ind1=" " ind2=" ">
   <subfield code="a">unmediated</subfield>
   <subfield code="2">rdacontent</subfield>
  </datafield>
  <datafield tag="338" ind1=" " ind2=" ">
   <subfield code="a">volume</subfield>
   <subfield code="2">rdacarrier</subfield>
  </datafield>
  <datafield tag="502" ind1=" " ind2=" ">
   <subfield code="a">Undergraduate thesis (Bachelor in Science in Management) -- University of the Philippines, Tacloban.</subfield>
  </datafield>
  <datafield tag="504" ind1=" " ind2=" ">
   <subfield code="a">Includes bibliographical references.</subfield>
  </datafield>
  <datafield tag="506" ind1=" " ind2=" ">
   <subfield code="a">The research proposal can be made available to the general public-YES.</subfield>
  </datafield>
  <datafield tag="506" ind1=" " ind2=" ">
   <subfield code="a">The research proposal can be accessed only after consultation with the authors and the research adviser-NO.</subfield>
  </datafield>
  <datafield tag="506" ind1=" " ind2=" ">
   <subfield code="a">The research proposal can be accessed only by those bound by confidentiality agreement-NO.</subfield>
  </datafield>
  <datafield tag="520" ind1=" " ind2=" ">
   <subfield code="a">Micro, Small, and Medium Enterprises (MSMEs) are widely recognized as critical drivers of economic growth and development, both globally and in the Philippines. In support of MSMEs, the Department of Trade and Industry (DTI) implemented the Negosyo Center Program under the Go Negosyo Act (R.A. 10644) to provide streamlined services and support for MSMEs, This study determined the Negosyo Center's perceived current status in enhancing MSMEs business growth and development. Using a convergent parallel mixed-method design, quantitative data were gathered through an assisted face-to-face survey with MSMEs, and qualitative data were collected through semi-structured one-on-one interviews with Negosyo Center's Project Team. Findings revealed that MSME owners generally held favorable views of the services provided and strongly agreed on the perceived contribution of assistance received, particularly in variables such as Revenue Growth, Number of Employees, Market Expansion, Product or Service Innovation, and Technology Adoption, although they perceived only a moderate overall impact on their businesses. The majority reported high satisfaction with key Negosyo Center services like Registration Facilitation, Training and Seminars, Financial Support, Product or Service Innovation Support, Machinery and Equipment, Market Access, and Consultation and Mentoring, while services such as Accessibility of Information and Networking and Collaboration were perceived to have only a moderate to little impact due to the challenges experienced. The study also uncovered several implementation challenges, and despite current best practices, the Negosyo Center's Project Team was unable to specifically make targeted interventions to address the challenges faced in the implementation of the Negosyo Center program. Thus, this study recommended courses of action to be integrated into the current best practices employed by the Negosyo Center's Project Team to directly address operational challenges, enhance MSME satisfaction with Negosyo Center services, and strengthen the program's impact on MSMEs' business growth and development. </subfield>
  </datafield>
  <datafield tag="650" ind1=" " ind2="0">
   <subfield code="a">Small and medium-sized enterprises</subfield>
   <subfield code="z">Tacloban City.</subfield>
  </datafield>
  <datafield tag="653" ind1=" " ind2="0">
   <subfield code="a">Micro.</subfield>
  </datafield>
  <datafield tag="653" ind1=" " ind2="0">
   <subfield code="a">Small.</subfield>
  </datafield>
  <datafield tag="653" ind1=" " ind2="0">
   <subfield code="a">Medium enterprises (MSMEs).</subfield>
  </datafield>
  <datafield tag="653" ind1=" " ind2="0">
   <subfield code="a">Negosyo center.</subfield>
  </datafield>
  <datafield tag="653" ind1=" " ind2="0">
   <subfield code="a">Business growth and development.</subfield>
  </datafield>
  <datafield tag="653" ind1=" " ind2="0">
   <subfield code="a">Tacloban City.</subfield>
  </datafield>
  <datafield tag="653" ind1=" " ind2="0">
   <subfield code="a">Perceived effectiveness.</subfield>
  </datafield>
  <datafield tag="700" ind1="1" ind2=" ">
   <subfield code="a">Lasap, Jasmin</subfield>
   <subfield code="e">author.</subfield>
  </datafield>
  <datafield tag="700" ind1="1" ind2=" ">
   <subfield code="a">Mendoza, Ma. Gracia P.</subfield>
   <subfield code="e">author.</subfield>
  </datafield>
  <datafield tag="700" ind1="1" ind2=" ">
   <subfield code="a">Vicencio, Allen Mae T.</subfield>
   <subfield code="e">author.</subfield>
  </datafield>
  <datafield tag="700" ind1="1" ind2=" ">
   <subfield code="a">Dacuyan, Flordeliz B.</subfield>
   <subfield code="e">adviser.</subfield>
  </datafield>
  <datafield tag="842" ind1=" " ind2=" ">
   <subfield code="a">Thesis</subfield>
  </datafield>
  <datafield tag="905" ind1=" " ind2=" ">
   <subfield code="a">FI</subfield>
  </datafield>
  <datafield tag="905" ind1=" " ind2=" ">
   <subfield code="a">UP</subfield>
  </datafield>
  <datafield tag="852" ind1="0" ind2=" ">
   <subfield code="a">UPTAC</subfield>
   <subfield code="b">UPTAC</subfield>
   <subfield code="h">LG 993.5 2025 M3</subfield>
   <subfield code="i">L33</subfield>
  </datafield>
  <datafield tag="942" ind1=" " ind2=" ">
   <subfield code="a">Thesis</subfield>
  </datafield>
 </record>
</collection>
